[Event "HUN-ch Rapid"]
[Site "Ajka"]
[Date "2025.07.19"]
[Round "5"]
[White "Fodor, Tamas Jr"]
[Black "Gledura, Benjamin"]
[Result "1-0"]
[WhiteElo "2519"]
[BlackElo "2648"]
[PlyCount "113"]
[EventDate "2025.07.19"]
[EventType "swiss (rapid)"]
[EventRounds "9"]
[EventCountry "HUN"]
[SourceTitle "CB30_2025"]
[SourceDate "2025.07.23"]
[SourceVersion "1"]
[SourceVersionDate "2025.07.23"]
[SourceQuality "1"]

1. d4 d6 2. Nf3 g6 3. e4 Bg7 4. Bc4 c6 5. a4 d5 6. exd5 cxd5 7. Bb5+ Bd7 8. h3 Nf6 9. 0-0 0-0 10. c3 Nc6 11. Bf4 a6 12. Bd3 Bf5 13. Re1 Rc8 14. Ne5 e6 15. g4 Bxd3 16. Qxd3 Qb6 17. Re2 Rfe8 18. Kg2 Ne4 19. Nxc6 bxc6 20. f3 Nf6 21. a5 Qb5 22. Qxb5 cxb5 23. Na3 Bf8 24. Nc2 Nd7 25. h4 h6 26. Bg3 Nb8 27. h5 gxh5 28. gxh5 Nc6 29. Ne3 Kh7 30. Ng4 Be7 31. Kh3 Rg8 32. Bf4 Bg5 33. Bd6 b4 34. Bxb4 Nxb4 35. cxb4 Rb8 36. f4 Be7 37. Rc1 Rg7 38. Rc7 Bd6 39. Rc6 Bxf4 40. Rxa6 Rg5 41. Ra7 Rxh5+ 42. Kg2 Rf5 43. Rxe6 Rg8 44. Kh3 Rh5+ 45. Kg2 Rxg4+ 46. Kf3 Rg7 47. Rf6 Bd2 48. Rfxf7 Rxf7+ 49. Rxf7+ Kg6 50. Rb7 Rh3+ 51. Ke2 Rh2+ 52. Kd3 Bf4 53. a6 Rh1 54. b5 Rd1+ 55. Ke2 Rxd4 56. a7 Ra4 57. Rb6+ 1-0

[Event "BCF-chT 2425 (4NCL)"]
[Site "England"]
[Date "2025.02.15"]
[Round "5.42"]
[White "Gourlay, Iain"]
[Black "Fodor, Tamas Jr"]
[Result "1/2-1/2"]
[WhiteElo "2302"]
[BlackElo "2509"]
[PlyCount "92"]
[EventDate "2024.11.23"]
[EventType "team-swiss"]
[EventRounds "11"]
[EventCountry "ENG"]
[SourceTitle "CB14_2025"]
[SourceDate "2024.11.01"]
[SourceVersion "1"]
[SourceVersionDate "2024.11.01"]
[SourceQuality "1"]
[WhiteTeam "Alba"]
[BlackTeam "Cheddleton"]
[WhiteTeamCountry "ENG"]
[BlackTeamCountry "ENG"]

1. c4 e5 2. g3 g6 3. d4 Nc6 4. Nf3 exd4 5. Nxd4 Bg7 6. Nxc6 bxc6 7. Bg2 Ne7 8. Nc3 0-0 9. 0-0 Rb8 10. Qc2 Nf5 11. e3 h5 12. b3 d5 13. cxd5 cxd5 14. Rd1 d4 15. Bb2 Ba6 16. Nd5 c6 17. Qxc6 Bb7 18. Qa4 Rc8 19. e4 Bxd5 20. exf5 Bxg2 21. Kxg2 Qd5+ 22. Kg1 h4 23. Rxd4 Bxd4 24. Qxd4 Qxd4 25. Bxd4 h3 26. fxg6 Rfd8 27. gxf7+ Kxf7 28. Bxa7 Ra8 29. Be3 Rxa2 30. Rf1 Rb8 31. Re1 Rxb3 32. Kf1 Rbb2 33. Rc1 Ke6 34. Rc6+ Kd5 35. Rc5+ Kd6 36. Rc1 Rb3 37. g4 Rab2 38. g5 Rb1 39. Rxb1 Rxb1+ 40. Ke2 Ke6 41. Kf3 Rg1 42. Bf4 Kf5 43. Be3 Rg4 44. Bd2 Rg2 45. Bf4 Rg1 46. Be3 Rg2 1/2-1/2

[Event "London Classic op 14th"]
[Site "London"]
[Date "2024.12.05"]
[Round "7"]
[White "Fodor, Tamas Jr"]
[Black "Tan, Justin Hy"]
[Result "0-1"]
[WhiteElo "2518"]
[BlackElo "2510"]
[PlyCount "94"]
[EventDate "2024.11.29"]
[EventType "swiss"]
[EventRounds "9"]
[EventCountry "ENG"]
[SourceTitle "CB50_2024"]
[SourceDate "2024.11.01"]
[SourceVersion "1"]
[SourceVersionDate "2024.11.01"]
[SourceQuality "2"]

1. d4 d5 2. c4 e6 3. Nc3 Nf6 4. cxd5 exd5 5. Bg5 Bb4 6. e3 h6 7. Bxf6 Qxf6 8. Bd3 0-0 9. Nge2 c6 10. Qc2 Re8 11. a3 Bd6 12. e4 dxe4 13. Nxe4 Qe7 14. 0-0 Be6 15. N2g3 Nd7 16. Rfe1 Bf4 17. Re2 Qh4 18. Rae1 Bg4 19. f3 Be6 20. Qc3 Red8 21. Bc2 Nf8 22. Nc5 Bxg3 23. hxg3 Qxg3 24. Re5 b6 25. Ne4 Qh4 26. g3 Qe7 27. f4 f6 28. Rh5 Qf7 29. Rh2 Bd5 30. g4 f5 31. gxf5 Qxf5 32. Ng3 Qxf4 33. Rf1 Qg4 34. Bf5 Qg5 35. Rh5 Qe7 36. Bc2 Rd7 37. Re1 Qf6 38. Rf1 Qe7 39. Re1 Qd8 40. Nf5 Nh7 41. Qe3 Ng5 42. Rxg5 Qxg5+ 43. Qxg5 hxg5 44. Ne7+ Kf7 45. Ng6 Re8 46. Ne5+ Kg8 47. Kf2 Rd6 0-1

[Event "London Classic op 14th"]
[Site "London"]
[Date "2024.12.01"]
[Round "4"]
[White "Zhao, George"]
[Black "Fodor, Tamas Jr"]
[Result "0-1"]
[WhiteElo "2233"]
[BlackElo "2518"]
[PlyCount "86"]
[EventDate "2024.11.29"]
[EventType "swiss"]
[EventRounds "9"]
[EventCountry "ENG"]
[SourceTitle "CB50_2024"]
[SourceDate "2024.11.01"]
[SourceVersion "1"]
[SourceVersionDate "2024.11.01"]
[SourceQuality "2"]

1. d4 d5 2. c4 c6 3. Nf3 Nf6 4. g3 Bf5 5. Bg2 e6 6. 0-0 h6 7. Nc3 Be7 8. Nd2 Nbd7 9. e4 dxe4 10. Ndxe4 0-0 11. Be3 Qa5 12. a3 Qa6 13. Qe2 Nb6 14. Nd2 Na4 15. Nxa4 Qxa4 16. b3 Qa5 17. b4 Qa4 18. h3 h5 19. Qd1 Bc2 20. Qe2 Bf5 21. Qd1 Qxd1 22. Rfxd1 Rfd8 23. Rdc1 a5 24. b5 cxb5 25. cxb5 Nd5 26. Nc4 a4 27. Kh2 Rac8 28. Bf3 Bd3 29. Ne5 Bxb5 30. Bxh5 Be8 31. Bf3 Nxe3 32. fxe3 Rxc1 33. Rxc1 Bxa3 34. Ra1 Bd6 35. Bxb7 Bxe5 36. dxe5 Rd3 37. Rc1 Bd7 38. e4 a3 39. Ba6 Rd2+ 40. Kg1 a2 41. Ra1 Rb2 42. Bd3 Ba4 43. Kf1 Bb5 0-1

[Event "London Classic op 14th"]
[Site "London"]
[Date "2024.11.30"]
[Round "3"]
[White "Fodor, Tamas Jr"]
[Black "Wells, Peter K"]
[Result "0-1"]
[WhiteElo "2518"]
[BlackElo "2351"]
[PlyCount "100"]
[EventDate "2024.11.29"]
[EventType "swiss"]
[EventRounds "9"]
[EventCountry "ENG"]
[SourceTitle "CB50_2024"]
[SourceDate "2024.11.01"]
[SourceVersion "1"]
[SourceVersionDate "2024.11.01"]
[SourceQuality "2"]

1. d4 d5 2. c4 e6 3. Nc3 c6 4. e4 dxe4 5. Nxe4 Bb4+ 6. Bd2 Qxd4 7. Bxb4 Qxe4+ 8. Be2 Nd7 9. Qd6 a5 10. Bc3 Ne7 11. Nf3 c5 12. Rd1 Ra6 13. Qd2 0-0 14. 0-0 f6 15. Bd3 Qg4 16. Bxa5 e5 17. Rfe1 Ng6 18. h3 Qh5 19. Be4 Nf4 20. g3 Nxh3+ 21. Kg2 f5 22. Bd5+ Kh8 23. Rh1 e4 24. Nh4 Rxa5 25. Rxh3 Ra6 26. Rhh1 g5 27. Bxb7 Bxb7 28. Qxd7 Qf7 29. Qxf7 Rxf7 30. Rd8+ Kg7 31. Nxf5+ Rxf5 32. Rd7+ Kg6 33. Rxb7 Raf6 34. Rhxh7 Rxf2+ 35. Kh3 Kf5 36. g4+ Ke5 37. Rb3 R2f3+ 38. Kg2 Rxb3 39. axb3 e3 40. b4 cxb4 41. c5 Kd4 42. Re7 Rf2+ 43. Kg3 Rxb2 44. c6 Rc2 45. Kf3 Rxc6 46. Re4+ Kc5 47. Kxe3 b3 48. Kd2 b2 49. Re5+ Kc4 50. Re1 Kb3 0-1

[Event "London Classic op 14th"]
[Site "London"]
[Date "2024.11.30"]
[Round "2"]
[White "Smith, Olivia"]
[Black "Fodor, Tamas Jr"]
[Result "0-1"]
[WhiteElo "2129"]
[BlackElo "2518"]
[PlyCount "62"]
[EventDate "2024.11.29"]
[EventType "swiss"]
[EventRounds "9"]
[EventCountry "ENG"]
[SourceTitle "CB50_2024"]
[SourceDate "2024.11.01"]
[SourceVersion "1"]
[SourceVersionDate "2024.11.01"]
[SourceQuality "2"]

1. e4 e6 2. d4 d5 3. Nc3 Nf6 4. Bg5 Bb4 5. e5 h6 6. Bd2 Bxc3 7. bxc3 Ne4 8. Qg4 g6 9. Bd3 Nxd2 10. Kxd2 c5 11. Nf3 c4 12. Be2 Nc6 13. Rhb1 Qe7 14. a4 b6 15. h4 Bd7 16. Qf4 0-0-0 17. a5 Nxa5 18. Ke1 Nc6 19. Qc1 Kc7 20. g3 Rb8 21. Rb5 Rb7 22. Rb2 a5 23. Kf1 h5 24. Ng5 Rhb8 25. Qf4 Be8 26. Bxc4 dxc4 27. Ne4 Rd8 28. Rab1 Rbb8 29. Nd2 Nxd4 30. cxd4 c3 31. d5 Rxd5 0-1

[Event "HUN-chT 2425"]
[Site "Hungary"]
[Date "2024.11.03"]
[Round "2.46"]
[White "Fodor, Tamas Jr"]
[Black "Tatar Kis, Szabolcs"]
[Result "1-0"]
[WhiteElo "2518"]
[BlackElo "2324"]
[PlyCount "63"]
[EventDate "2024.11.02"]
[EventType "team-tourn"]
[EventRounds "9"]
[EventCountry "HUN"]
[SourceTitle "CB45_2024"]
[Source "ChessBase"]
[SourceDate "2024.11.06"]
[SourceVersion "1"]
[SourceVersionDate "2024.11.06"]
[SourceQuality "1"]
[WhiteTeam "Paks"]
[BlackTeam "Mako Duocor"]
[WhiteTeamCountry "HUN"]
[BlackTeamCountry "HUN"]

1. d4 Nf6 2. c4 g6 3. Nc3 Bg7 4. e4 0-0 5. Be2 d6 6. Be3 e5 7. d5 Na6 8. h4 Nc5 9. Qc2 c6 10. h5 cxd5 11. cxd5 Qa5 12. h6 Bh8 13. f3 b5 14. Bxb5 Rb8 15. Bc4 Nfd7 16. b3 Nb6 17. Be2 Nxb3 18. Qxb3 Nxd5 19. Bd2 Rxb3 20. Nxd5 Qd8 21. axb3 Be6 22. Bc4 f5 23. Nh3 f4 24. Rxa7 Rf7 25. Ra6 Rd7 26. Ke2 Kf7 27. g3 g5 28. gxf4 exf4 29. Ba5 Qg8 30. Rg1 g4 31. Nhxf4 Bd4 32. Rxg4 1-0

[Event "HUN-chT 2425"]
[Site "Hungary"]
[Date "2024.11.02"]
[Round "1.6"]
[White "Fodor, Tamas Jr"]
[Black "Balog, Imre1"]
[Result "1-0"]
[WhiteElo "2518"]
[BlackElo "2618"]
[PlyCount "102"]
[EventDate "2024.11.02"]
[EventType "team-tourn"]
[EventRounds "9"]
[EventCountry "HUN"]
[SourceTitle "CB45_2024"]
[Source "ChessBase"]
[SourceDate "2024.11.06"]
[SourceVersion "1"]
[SourceVersionDate "2024.11.06"]
[SourceQuality "1"]
[WhiteTeam "Paks"]
[BlackTeam "Ajka Sentimento"]
[WhiteTeamCountry "HUN"]
[BlackTeamCountry "HUN"]

1. d4 d5 2. c4 c6 3. Nc3 dxc4 4. e3 b5 5. a4 b4 6. Ne4 Qd5 7. Nd2 Ba6 8. Qc2 Nf6 9. Nxc4 e6 10. Nf3 c5 11. Be2 Nc6 12. 0-0 b3 13. Qd3 cxd4 14. Nxd4 Nxd4 15. exd4 Rd8 16. Be3 Be7 17. Rfc1 Qb7 18. Qd1 Nd5 19. Na5 Qb6 20. Bxa6 Nxe3 21. fxe3 Qxa5 22. Bb5+ Kf8 23. Qf3 Bf6 24. Rc3 Kg8 25. Qb7 h5 26. Rf1 h4 27. Qc7 Qxc7 28. Rxc7 a5 29. Bc4 Rh5 30. Rb7 Rc8 31. Bxb3 h3 32. g4 Rg5 33. Rf4 e5 34. Re4 exd4 35. exd4 Kh7 36. Kf2 Rc1 37. Rf4 Kh6 38. Rb8 Rg6 39. Kg3 Kh7 40. Kxh3 Rh6+ 41. Kg2 Be7 42. Rxf7 Bd6 43. Rbb7 Rxh2+ 44. Kf3 Rf1+ 45. Ke4 Re2+ 46. Kd3 Rxf7 47. Bxf7 Re7 48. Rb6 Bc7 49. Bg6+ Kh6 50. Rc6 Kg5 51. Bf5 Kf4 1-0

[Event "Budapest Kluger Memorial"]
[Site "Budapest"]
[Date "2024.08.30"]
[Round "3"]
[White "Fodor, Tamas Jr"]
[Black "Csiki, Endre"]
[Result "1/2-1/2"]
[WhiteElo "2501"]
[BlackElo "2280"]
[PlyCount "87"]
[EventDate "2024.08.28"]
[EventType "tourn"]
[EventRounds "9"]
[EventCountry "HUN"]
[EventCategory "6"]
[SourceTitle "EXT 2025"]
[Source "ChessBase"]
[SourceDate "2024.10.14"]
[SourceVersion "1"]
[SourceVersionDate "2024.10.14"]
[SourceQuality "1"]

1. d4 d5 2. c4 e6 3. Nc3 Bb4 4. a3 Bxc3+ 5. bxc3 Nf6 6. cxd5 exd5 7. e3 Bf5 8. f3 Nc6 9. Ne2 0-0 10. Ng3 Ne7 11. Bd3 Bxd3 12. Qxd3 Ne8 13. e4 f5 14. e5 Qd7 15. Bg5 Ng6 16. h4 h6 17. Bd2 c5 18. Ne2 Nc7 19. g4 Ne7 20. g5 h5 21. g6 Ne6 22. f4 Nxg6 23. Rg1 Qf7 24. Qf3 cxd4 25. cxd4 Rfc8 26. Qxd5 Rd8 27. Qb3 Ne7 28. Qxb7 Rab8 29. Qxa7 Nc6 30. Qxf7+ Kxf7 31. Kf2 Ncxd4 32. Rab1 Nxe2 33. Kxe2 Nd4+ 34. Kf2 Nb5 35. Bc1 Nc3 36. Rxb8 Rxb8 37. Ke1 Rd8 38. Bd2 Rd3 39. e6+ Kxe6 40. Rxg7 Nb1 41. Bb4 Nxa3 42. Ke2 Rh3 43. Be1 Nb5 44. Rg3 1/2-1/2

[Event "Budapest SixDays 07 GM-B"]
[Site "Budapest"]
[Date "2024.08.03"]
[Round "9"]
[White "Chubakov, Sultan"]
[Black "Fodor, Tamas Jr"]
[Result "1/2-1/2"]
[WhiteElo "2330"]
[BlackElo "2494"]
[PlyCount "49"]
[EventDate "2024.07.29"]
[EventType "tourn"]
[EventRounds "9"]
[EventCountry "HUN"]
[EventCategory "6"]
[SourceTitle "CBM 221 Extra"]
[Source "ChessBase"]
[SourceDate "2024.09.30"]
[SourceVersion "1"]
[SourceVersionDate "2024.09.30"]
[SourceQuality "1"]

1. c4 e6 2. g3 d5 3. Nf3 d4 4. d3 c5 5. e4 Nc6 6. e5 Nge7 7. Bg2 Ng6 8. Qe2 Qc7 9. Bf4 Be7 10. h4 Bd7 11. h5 Nxf4 12. gxf4 0-0-0 13. Nbd2 Nb4 14. Ne4 f5 15. Neg5 Qa5 16. Kf1 Rdf8 17. h6 g6 18. a3 Nc6 19. Rb1 Qc7 20. Qd2 a5 21. b3 Nd8 22. b4 a4 23. Qb2 Nc6 24. b5 Nd8 25. Qc2 1/2-1/2

[Event "Budapest SixDays 07 GM-B"]
[Site "Budapest"]
[Date "2024.07.30"]
[Round "2"]
[White "Fodor, Tamas Jr"]
[Black "Pacher, Milan"]
[Result "1-0"]
[WhiteElo "2494"]
[BlackElo "2384"]
[PlyCount "57"]
[EventDate "2024.07.29"]
[EventType "tourn"]
[EventRounds "9"]
[EventCountry "HUN"]
[EventCategory "6"]
[SourceTitle "CBM 221 Extra"]
[Source "ChessBase"]
[SourceDate "2024.09.30"]
[SourceVersion "1"]
[SourceVersionDate "2024.09.30"]
[SourceQuality "1"]

1. d4 Nf6 2. c4 e6 3. Nc3 Bb4 4. e3 0-0 5. Bd2 d5 6. Rc1 b6 7. cxd5 exd5 8. Nf3 Bb7 9. Bd3 a6 10. 0-0 Bd6 11. Ne5 c5 12. f4 Nc6 13. Be1 cxd4 14. Nxc6 Bxc6 15. exd4 Bb4 16. Bh4 Bxc3 17. Rxc3 Bb5 18. Bxb5 axb5 19. Rc6 Qd7 20. Rxf6 gxf6 21. Qh5 h6 22. Qxh6 Qf5 23. Bxf6 Qh7 24. Qg5+ Qg6 25. Rf3 Qxg5 26. fxg5 Kh7 27. Rh3+ Kg6 28. g4 Rxa2 29. Rh6# 1-0

[Event "Budapest Vezerkepzo GM 07"]
[Site "Budapest"]
[Date "2024.07.15"]
[Round "5"]
[White "Gedajlovic, Max"]
[Black "Fodor, Tamas Jr"]
[Result "0-1"]
[WhiteElo "2386"]
[BlackElo "2494"]
[PlyCount "120"]
[EventDate "2024.07.12"]
[EventType "tourn"]
[EventRounds "9"]
[EventCountry "HUN"]
[EventCategory "6"]
[SourceTitle "CBM 221 Extra"]
[Source "ChessBase"]
[SourceDate "2024.09.30"]
[SourceVersion "1"]
[SourceVersionDate "2024.09.30"]
[SourceQuality "1"]

1. d4 d5 2. c4 e6 3. Nc3 c6 4. e4 dxe4 5. Nxe4 Bb4+ 6. Nc3 e5 7. a3 Bxc3+ 8. bxc3 Qa5 9. Qd2 Nf6 10. Bd3 0-0 11. Ne2 Re8 12. 0-0 e4 13. Bc2 Bf5 14. Rb1 b6 15. Ng3 Bg6 16. a4 Nbd7 17. Ba3 Rad8 18. Bd6 Nf8 19. Bb4 Qa6 20. c5 Ne6 21. Qc1 bxc5 22. dxc5 Nd5 23. Bxe4 Bxe4 24. Nxe4 Nef4 25. Ng3 h5 26. h4 Qc4 27. Rd1 Ne6 28. Re1 Qxh4 29. Ba5 Rc8 30. c4 Ndf4 31. Re4 f5 32. Re3 Qg4 33. Qd1 Rb8 34. Be1 Rxb1 35. Qxb1 Rf8 36. Qb2 h4 37. f3 Qg5 38. Nf1 Nxc5 39. Qc2 Rd8 40. Bb4 Nce6 41. Kh2 c5 42. Be1 Rd4 43. Qf2 Rxc4 44. Qa2 Rxa4 45. Qb2 Rd4 46. Qf2 c4 47. Bd2 Qg6 48. Ra3 Rd7 49. Ra6 h3 50. g3 Nd3 51. Qe2 Nd4 52. Rxg6 Nxe2 53. Rc6 Ne5 54. Rc8+ Kh7 55. Bf4 Nxf3+ 56. Kxh3 c3 57. Be3 Ne1 58. Bc5 c2 59. Ba3 Rd3 60. Bb2 Rb3 0-1

[Event "Budapest Vezerkepzo GM 07"]
[Site "Budapest"]
[Date "2024.07.12"]
[Round "1"]
[White "Fodor, Tamas Jr"]
[Black "Srihari, LR."]
[Result "1/2-1/2"]
[WhiteElo "2494"]
[BlackElo "2497"]
[PlyCount "50"]
[EventDate "2024.07.12"]
[EventType "tourn"]
[EventRounds "9"]
[EventCountry "HUN"]
[EventCategory "6"]
[SourceTitle "CBM 221 Extra"]
[Source "ChessBase"]
[SourceDate "2024.09.30"]
[SourceVersion "1"]
[SourceVersionDate "2024.09.30"]
[SourceQuality "1"]

1. d4 d5 2. c4 e6 3. Nc3 Nf6 4. cxd5 exd5 5. Bg5 Bb4 6. e3 h6 7. Bxf6 Qxf6 8. Qb3 Qd6 9. Bd3 0-0 10. Nf3 c6 11. 0-0 Nd7 12. e4 Bxc3 13. bxc3 dxe4 14. Bxe4 Nf6 15. Bd3 b6 16. Rfe1 Be6 17. Bc4 Nd5 18. a4 Rfb8 19. Ne5 b5 20. Bxd5 Bxd5 21. Qb4 Qxb4 22. cxb4 a5 23. axb5 Rxb5 24. bxa5 Raxa5 25. Rxa5 Rxa5 1/2-1/2

[Event "Budapest SixDays 05 GM-B"]
[Site "Budapest"]
[Date "2024.05.19"]
[Round "6"]
[White "Borgaonkar, Akshay"]
[Black "Fodor, Tamas Jr"]
[Result "1-0"]
[WhiteElo "2372"]
[BlackElo "2486"]
[PlyCount "161"]
[EventDate "2024.05.16"]
[EventType "tourn"]
[EventRounds "9"]
[EventCountry "HUN"]
[EventCategory "6"]
[SourceTitle "CBM 220 Extra"]
[Source "ChessBase"]
[SourceDate "2024.07.31"]
[SourceVersion "1"]
[SourceVersionDate "2024.07.31"]
[SourceQuality "1"]

1. e4 e5 2. Nf3 Nc6 3. Bb5 a6 4. Ba4 Nf6 5. 0-0 Be7 6. Re1 b5 7. Bb3 d6 8. c3 0-0 9. h3 Nb8 10. d4 Nbd7 11. Nbd2 c5 12. Nf1 Re8 13. Ng3 Bf8 14. Bc2 g6 15. Bg5 Bg7 16. d5 c4 17. Qd2 Qc7 18. Rf1 Rb8 19. Bh6 Bh8 20. Nh2 Bg7 21. Kh1 Bxh6 22. Qxh6 Kh8 23. f4 Ng8 24. Qg5 f6 25. Qh4 exf4 26. Qxf4 Ne5 27. Nf3 Qe7 28. Ne2 Bd7 29. Qd2 Kg7 30. Nfd4 h5 31. Nf4 Qf7 32. a4 g5 33. Nfe6+ Bxe6 34. Nxe6+ Rxe6 35. dxe6 Qxe6 36. axb5 axb5 37. Ra6 Nf7 38. Qe2 Ne7 39. e5 Qxe5 40. Qxe5 Nxe5 41. Rxd6 Rf8 42. Rb6 Nd5 43. Rxb5 Ne3 44. Rb7+ Kg8 45. Bh7+ Kh8 46. Re1 Nd5 47. Be4 Nf4 48. Ra1 g4 49. Raa7 Rd8 50. Kh2 gxh3 51. gxh3 h4 52. Rh7+ Kg8 53. Rag7+ Kf8 54. Rh8+ Kxg7 55. Rxd8 Kf7 56. Rh8 Nfd3 57. Bd5+ Kg7 58. Rxh4 Nxb2 59. Kg3 Kg6 60. Rd4 Na4 61. Bxc4 Nxc3 62. Bf1 Kf5 63. Kf2 Ne4+ 64. Ke3 Ng3 65. Bb5 Kg5 66. Kf2 Nf5 67. Ra4 Kh6 68. Be2 Kg5 69. Ra8 Nh6 70. Bd1 Nd3+ 71. Kg2 Ne5 72. Bc2 f5 73. Ra5 Nc6 74. Ra6 Nb4 75. h4+ Kh5 76. Bd1+ Ng4 77. Bxg4+ fxg4 78. Ra4 Nc2 79. Kg3 Ne3 80. Ra5+ Kh6 81. Re5 1-0

[Event "Budapest SixDays 05 GM-B"]
[Site "Budapest"]
[Date "2024.05.17"]
[Round "3"]
[White "Fodor, Tamas Jr"]
[Black "Palczert, Matyas"]
[Result "1-0"]
[WhiteElo "2486"]
[BlackElo "2332"]
[PlyCount "79"]
[EventDate "2024.05.16"]
[EventType "tourn"]
[EventRounds "9"]
[EventCountry "HUN"]
[EventCategory "6"]
[SourceTitle "CBM 220 Extra"]
[Source "ChessBase"]
[SourceDate "2024.07.31"]
[SourceVersion "1"]
[SourceVersionDate "2024.07.31"]
[SourceQuality "1"]

1. d4 Nf6 2. c4 g6 3. Nc3 d5 4. cxd5 Nxd5 5. e4 Nxc3 6. bxc3 Bg7 7. Bb5+ c6 8. Ba4 0-0 9. Ne2 b5 10. Bb3 Bb7 11. 0-0 Nd7 12. Be3 e6 13. Rb1 a5 14. Qc1 Ba6 15. Rd1 Nb6 16. Bh6 Qe7 17. Ng3 a4 18. Bc2 e5 19. Bxg7 Kxg7 20. f4 exd4 21. cxd4 Nc4 22. Bd3 Qa3 23. Bxc4 Qxc1 24. Rdxc1 bxc4 25. Kf2 Rad8 26. Rb6 Bb5 27. d5 Rb8 28. Rxb8 Rxb8 29. d6 f6 30. Ke3 Kf7 31. Kd4 Ke6 32. Kc5 Kd7 33. Ne2 Re8 34. Nc3 g5 35. g3 gxf4 36. gxf4 Rg8 37. Re1 Rg6 38. Re3 Rg4 39. Rh3 Rxf4 40. Rxh7+ 1-0

[Event "Budapest SixDays 05 GM-B"]
[Site "Budapest"]
[Date "2024.05.17"]
[Round "2"]
[White "Stefansson, Vignir Vatnar"]
[Black "Fodor, Tamas Jr"]
[Result "0-1"]
[WhiteElo "2462"]
[BlackElo "2486"]
[PlyCount "78"]
[EventDate "2024.05.16"]
[EventType "tourn"]
[EventRounds "9"]
[EventCountry "HUN"]
[EventCategory "6"]
[SourceTitle "CBM 220 Extra"]
[Source "ChessBase"]
[SourceDate "2024.07.31"]
[SourceVersion "1"]
[SourceVersionDate "2024.07.31"]
[SourceQuality "1"]

1. Nf3 d5 2. d4 Nf6 3. c4 c6 4. g3 g6 5. Bg2 Bg7 6. 0-0 0-0 7. cxd5 cxd5 8. Nc3 Nc6 9. Ne5 Bf5 10. Nxc6 bxc6 11. Bf4 Nd7 12. Na4 e5 13. dxe5 Nxe5 14. Rc1 Rc8 15. Be3 Qd7 16. Nc5 Qe7 17. Bd4 Rfe8 18. b3 h5 19. Qd2 h4 20. Qc3 h3 21. Bh1 Bh6 22. Rce1 Rcd8 23. Rd1 Nd7 24. Rfe1 Nxc5 25. Bxc5 Qb7 26. Bf3 Qa6 27. a3 Be4 28. Bxe4 Rxe4 29. Qf6 Rde8 30. Bd4 Rxd4 31. Qxd4 Rxe2 32. Qh4 Bd2 33. Rf1 Qc8 34. Qf6 Qg4 35. Qxc6 Qf5 36. Qc5 Kh7 37. Qd4 g5 38. Rxd2 Rxd2 39. Qe3 d4 0-1

[Event "HUN-chT 2324"]
[Site "Hungary"]
[Date "2024.04.21"]
[Round "7.6"]
[White "Fodor, Tamas Jr"]
[Black "Szabo, Bence"]
[Result "1-0"]
[WhiteElo "2470"]
[BlackElo "2343"]
[PlyCount "77"]
[EventDate "2023.10.28"]
[EventType "team-tourn"]
[EventRounds "9"]
[EventCountry "HUN"]
[SourceTitle "EXT 2025"]
[Source "ChessBase"]
[SourceDate "2024.10.14"]
[SourceVersion "1"]
[SourceVersionDate "2024.10.14"]
[SourceQuality "1"]
[WhiteTeam "Paks"]
[BlackTeam "Kobanya Aquarena"]
[WhiteTeamCountry "HUN"]
[BlackTeamCountry "HUN"]

1. d4 Nf6 2. Bf4 d5 3. e3 c5 4. Nf3 Nc6 5. Nbd2 e6 6. c3 cxd4 7. exd4 Nh5 8. Be3 Bd6 9. Nb3 Qc7 10. Rc1 0-0 11. c4 dxc4 12. Bxc4 Nf4 13. 0-0 Qd8 14. Re1 Nb4 15. a3 Nbd5 16. Ne5 Ng6 17. Nxg6 hxg6 18. Qf3 b6 19. Bxd5 exd5 20. Bf4 Bf5 21. Nd2 Bxf4 22. Qxf4 Rc8 23. Nf1 Qd7 24. h3 a5 25. Qd2 Qa4 26. Ne3 Be6 27. Qd3 Rfd8 28. g4 g5 29. Nf1 Rc6 30. Rxc6 Qxc6 31. Qe3 Rc8 32. Qxg5 Qc2 33. Qe7 Kh7 34. Nh2 Qd3 35. Kg2 Qxd4 36. Nf3 Qf6 37. Qb7 Rc2 38. Re5 g6 39. Rxe6 1-0

[Event "HUN-ch"]
[Site "Budapest"]
[Date "2023.12.18"]
[Round "7"]
[White "Fodor, Tamas Jr"]
[Black "Kozak, Adam"]
[Result "1/2-1/2"]
[WhiteElo "2470"]
[BlackElo "2588"]
[PlyCount "101"]
[EventDate "2023.12.12"]
[EventType "swiss"]
[EventRounds "9"]
[EventCountry "HUN"]
[SourceTitle "CBM 217 Extra"]
[Source "ChessBase"]
[SourceDate "2024.01.31"]
[SourceVersion "1"]
[SourceVersionDate "2024.01.31"]
[SourceQuality "1"]

1. d4 Nf6 2. c4 e6 3. Nc3 Bb4 4. Qc2 c5 5. dxc5 0-0 6. Nf3 Na6 7. g3 Nxc5 8. Bd2 b6 9. Bg2 Ba6 10. Nd1 Bxd2+ 11. Nxd2 d5 12. b4 Nce4 13. Nxe4 dxe4 14. Ne3 Rc8 15. Qb3 Qd4 16. Rd1 Qe5 17. 0-0 h5 18. h3 Rc7 19. Rd2 Rfc8 20. b5 Bb7 21. Rfd1 Rc5 22. Qa3 Qc7 23. Rd4 Ba8 24. Qb2 Kf8 25. a4 Ke8 26. Qa3 Bb7 27. Qa1 Ke7 28. R4d2 Ke8 29. Qa3 Ke7 30. Rd4 Ke8 31. Ra1 Rd8 32. Rxd8+ Kxd8 33. Qb4 a5 34. bxa6 Bxa6 35. Rb1 Kc8 36. Rd1 Bb7 37. Nc2 Nd7 38. Na3 Bc6 39. Nc2 f5 40. Nd4 Qd6 41. Qb3 Qe5 42. f4 exf3 43. Nxc6 Rxc6 44. Qxf3 Rd6 45. Rxd6 Qxd6 46. Qxh5 Qd4+ 47. Kh2 Qxc4 48. Qh8+ Kc7 49. Qxg7 Qxe2 50. Qc3+ Kd8 51. Qh8+ 1/2-1/2

[Event "Budapest SixDays 09 GM-B"]
[Site "Budapest"]
[Date "2023.09.20"]
[Round "5"]
[White "Fodor, Tamas Jr"]
[Black "Yeganegi, Barad"]
[Result "1/2-1/2"]
[WhiteElo "2493"]
[BlackElo "2261"]
[PlyCount "35"]
[EventDate "2023.09.18"]
[EventType "tourn"]
[EventRounds "9"]
[EventCountry "HUN"]
[EventCategory "6"]
[SourceTitle "CBM 216 Extra"]
[Source "ChessBase"]
[SourceDate "2023.11.30"]
[SourceVersion "1"]
[SourceVersionDate "2023.11.30"]
[SourceQuality "1"]

1. e4 e5 2. Nf3 Nc6 3. d4 exd4 4. Nxd4 Nf6 5. Nxc6 bxc6 6. e5 Qe7 7. Qe2 Nd5 8. h4 Qe6 9. g3 d6 10. c4 Nb6 11. exd6 Bxd6 12. Nd2 0-0 13. Qxe6 Bxe6 14. Be2 Bb4 15. a3 Bxd2+ 16. Bxd2 Bxc4 17. Bxc4 Nxc4 18. 0-0-0 1/2-1/2

[Event "Budapest One Week GM-B"]
[Site "Budapest"]
[Date "2023.08.27"]
[Round "9"]
[White "Tran, Thanh Tu"]
[Black "Fodor, Tamas Jr"]
[Result "0-1"]
[WhiteElo "2413"]
[BlackElo "2486"]
[PlyCount "76"]
[EventDate "2023.08.21"]
[EventType "tourn"]
[EventRounds "9"]
[EventCountry "HUN"]
[EventCategory "6"]
[SourceTitle "CBM 215 Extra"]
[Source "ChessBase"]
[SourceDate "2023.09.30"]
[SourceVersion "1"]
[SourceVersionDate "2023.09.30"]
[SourceQuality "1"]

1. d4 d5 2. Nf3 Nf6 3. c3 e6 4. Bf4 Bd6 5. e3 c5 6. Nbd2 Nc6 7. Bg3 0-0 8. Bd3 b6 9. e4 dxe4 10. Nxe4 Nxe4 11. Bxe4 Bb7 12. Qa4 Qc7 13. dxc5 bxc5 14. 0-0-0 Bxg3 15. hxg3 h6 16. Qb5 f5 17. Bc2 Na5 18. Rd7 Qb6 19. Qxb6 axb6 20. Rhd1 Bd5 21. b3 Nc6 22. Rd6 Rac8 23. Nh4 c4 24. b4 Rf6 25. f4 Be4 26. a4 Ne7 27. Rxb6 Nd5 28. Bxe4 Nxb6 29. Bc2 g5 30. Rd6 Nxa4 31. Nxf5 Ra8 32. Nd4 Nxc3 33. b5 gxf4 34. gxf4 Rxf4 35. Kb2 Nd5 36. Rxd5 exd5 37. Kc3 Rb8 38. Ba4 Kf7 0-1